Reflexiones sobre la Eucaristía.

Uloženo v:
Podrobná bibliografie
Hlavní autor: Aninat de Viale-Rigo, Andrés (autor)
Médium: Kniha
Jazyk:španělština
Vydáno: Valparaíso, Chile Universitarias de Valparaíso 1987
Vydání:Primera edición
Témata:
Tagy: Přidat tag
Žádné tagy, Buďte první, kdo vytvoří štítek k tomuto záznamu!

MARC

LEADER 00000nam a2200000 a 4500
001 UCU9458
003 CL-VaPUC
005 20250227152802.0
008 960816e19870000CL |||||||||||||||||spa|d
999 |c 251195  |d 251193 
040 |c Pontificia Universidad Católica de Valparaíso 
082 0 4 |a 234.163 ANI 1987  |2 21 
100 0 |a Aninat de Viale-Rigo, Andrés  |e autor  |9 368589 
245 1 0 |a Reflexiones sobre la Eucaristía. 
250 |a Primera edición 
260 0 3 |a Valparaíso, Chile  |b Universitarias de Valparaíso  |c 1987 
300 |a 88 páginas 
583 |a last modification  |c 20120606 05:47:37  |k Rodrigo Vera 
650 0 |a Eucaristía  |9 257336 
650 0 |a Sacramentos   |9 257270 
650 0 |a Vida espiritual  |9 307811 
650 0 |a Archivo histórico PUCV  |9 255554 
650 0 |a Académicos   |x Pontificia Universidad Católica de Valparaíso (PUCV)  |9 255553 
942 |c BK  |2 ddc 
945 |d 19960816 00:00:00  |a aalvarez 
952 |0 0  |1 0  |2 ddc  |4 0  |6 234_163000000000000_ANI_1987  |7 0  |8 A  |9 270202  |a BIBTEO  |b BIBTEO  |d 2019-11-19  |i 3220478  |o 234.163 ANI 1987  |p 3220478  |r 2025-01-17  |t 7  |w 2019-11-19  |y BK  |k ICR 
952 |0 0  |1 0  |2 ddc  |4 0  |6 234_163000000000000_ANI_1987  |7 0  |8 A  |9 270203  |a BIBTEO  |b BIBTEO  |d 2019-11-19  |i 2022788  |o 234.163 ANI 1987  |p 2022788  |r 2025-01-17  |t 5  |w 2019-11-19  |y BK  |k ICR 
952 |0 0  |1 0  |2 ddc  |4 0  |6 234_163000000000000_ANI_1987  |7 0  |8 A  |9 270204  |a BIBTEO  |b BIBTEO  |d 2019-11-19  |i 202277K  |o 234.163 ANI 1987  |p 202277K  |r 2025-01-17  |t 4  |w 2019-11-19  |y BK  |k ICR 
952 |0 0  |1 0  |2 ddc  |4 0  |6 234_163000000000000_ANI_1987  |7 0  |8 A  |9 270205  |a BIBTEO  |b BIBTEO  |d 2019-11-19  |i 2022761  |l 1  |o 234.163 ANI 1987  |p 2022761  |r 2025-01-17  |s 2023-10-30  |t 3  |w 2019-11-19  |y BK  |k ICR 
952 |0 0  |1 0  |2 ddc  |4 0  |6 234_163000000000000_ANI_1987  |7 0  |8 A  |9 270206  |a BIBTEO  |b BIBTEO  |d 2019-11-19  |i 2022745  |o 234.163 ANI 1987  |p 2022745  |r 2025-01-17  |t 2  |w 2019-11-19  |y BK  |k ICR 
952 |0 0  |1 0  |2 ddc  |4 0  |6 234_163000000000000_ANI_1987  |7 0  |8 A  |9 270207  |a BIBTEO  |b BIBTEO  |d 2019-11-19  |i 322046K  |o 234.163 ANI 1987  |p 322046K  |r 2025-01-17  |t 6  |w 2019-11-19  |y BK  |k ICR 
952 |0 0  |1 0  |2 ddc  |4 0  |6 234_163000000000000_ANI_1987  |7 0  |8 X  |9 270208  |a FDOBUD  |b FDOBUD  |d 2019-11-19  |i 1014129  |o 234.163 ANI 1987  |p 1014129  |r 2019-11-19  |t 1  |w 2019-11-19  |y BK_X  |k FHP 
952 |0 0  |1 0  |2 ddc  |4 0  |6 234_163000000000000_ANI_1987  |7 0  |8 X  |9 270209  |a FDOBUD  |b FDOBUD  |d 2019-11-19  |i 4546040  |o 234.163 ANI 1987  |p 4546040  |r 2019-11-19  |t 8  |w 2019-11-19  |y BK_X  |k FHP